| 000 | 00373 a2200169 4500 | ||
|---|---|---|---|
| 003 | Nust | ||
| 005 | 20230120110801.0 | ||
| 040 | _cNust | ||
| 082 | _a808.83,BOR | ||
| 100 |
_aBorden , Mary _9107223 |
||
| 245 |
_aA Woman white Eyes / _cMary Borden |
||
| 260 |
_aLondon _bWilliam Heinemann |
||
| 300 | _a418:p | ||
| 538 | _a | ||
| 650 |
_aNovel _92525 |
||
| 942 |
_2ddc _cBK |
||
| 999 |
_c186869 _d186869 |
||